Sams teach yourself TCP/IP in 24 hours / (Record no. 11293)
[ view plain ]
| 000 -LEADER | |
|---|---|
| fixed length control field | 01390cam a2200325 a 4500 |
| 001 - CONTROL NUMBER | |
| control field | 15370969 |
| 005 - DATE AND TIME OF LATEST TRANSACTION | |
| control field | 20081204120721.0 |
| 008 - FIXED-LENGTH DATA ELEMENTS--GENERAL INFORMATION | |
| fixed length control field | 080717s2009 inua 001 0 eng |
| 010 ## - LIBRARY OF CONGRESS CONTROL NUMBER | |
| LC control number | 2008031826 |
| 020 ## - INTERNATIONAL STANDARD BOOK NUMBER | |
| International Standard Book Number | 9780672329968 (pbk.) |
| 020 ## - INTERNATIONAL STANDARD BOOK NUMBER | |
| International Standard Book Number | 0672329964 (pbk.) |
| 035 ## - SYSTEM CONTROL NUMBER | |
| System control number | (OCoLC)ocn229033659 |
| 035 ## - SYSTEM CONTROL NUMBER | |
| System control number | (OCoLC)229033659 |
| 040 ## - CATALOGING SOURCE | |
| Original cataloging agency | DLC |
| Transcribing agency | DLC |
| Modifying agency | BTCTA |
| -- | BAKER |
| -- | C#P |
| -- | DLC |
| 050 00 - LIBRARY OF CONGRESS CALL NUMBER | |
| Classification number | TK5105.585 |
| Item number | .C37 2009 |
| 082 00 - DEWEY DECIMAL CLASSIFICATION NUMBER | |
| Classification number | 005.71376 |
| Edition number | 22 |
| Item number | CAS |
| 100 1# - MAIN ENTRY--PERSONAL NAME | |
| Personal name | Casad, Joe, |
| Dates associated with a name | 1958- |
| 9 (RLIN) | 3635 |
| 245 10 - TITLE STATEMENT | |
| Title | Sams teach yourself TCP/IP in 24 hours / |
| Statement of responsibility, etc | Joe Casad. |
| 246 30 - VARYING FORM OF TITLE | |
| Title proper/short title | Teach yourself TCP/IP in 24 hours |
| 246 30 - VARYING FORM OF TITLE | |
| Title proper/short title | TCP/IP in 24 hours |
| 250 ## - EDITION STATEMENT | |
| Edition statement | 4th ed. |
| 260 ## - PUBLICATION, DISTRIBUTION, ETC. (IMPRINT) | |
| Place of publication, distribution, etc | Indianapolis, Ind. : |
| Name of publisher, distributor, etc | Sams, |
| Date of publication, distribution, etc | c2009. |
| 300 ## - PHYSICAL DESCRIPTION | |
| Extent | xii, 436 p. : |
| Other physical details | ill. ; |
| Dimensions | 23 cm. |
| 500 ## - GENERAL NOTE | |
| General note | Includes index. |
| 650 #0 - SUBJECT ADDED ENTRY--TOPICAL TERM | |
| Topical term or geographic name as entry element | TCP/IP (Computer network protocol) |
| 9 (RLIN) | 3636 |
| 942 ## - ADDED ENTRY ELEMENTS (KOHA) | |
| Source of classification or shelving scheme | Dewey Decimal Classification |
| Item type | Book - Borrowing |
| Withdrawn status | Item status | Source of classification or shelving scheme | Damaged status | Not for loan | Vendor | Home library | Current library | Shelving location | Date acquired | Source of acquisition | Cost, normal purchase price | Serial Enumeration / chronology | Total Checkouts | Total Renewals | Full call number | Barcode | Date last seen | Date last borrowed | Koha item type | Checked out |
|---|---|---|---|---|---|---|---|---|---|---|---|---|---|---|---|---|---|---|---|---|
| Dewey Decimal Classification | Alahram | Central Library | Central Library | Lower Floor | 13/04/2009 | 185.50 | 374 | 2 | 4 | 005.71376 CAS | 000015539 | 15/07/2025 | 17/03/2025 | Book - Borrowing | ||||||
| Dewey Decimal Classification | Alahram | Central Library | Central Library | Lower Floor | 11/02/2010 | 185.50 | 37 | 1 | 005.71376 CAS | 000019584 | 20/09/2011 | 20/09/2011 | Book - Borrowing | 20/10/2011 |